000 00615pam a2200181 a 4500
020 _a0521320682
040 _cDLC
082 0 0 _a632 CAM 1987 A048 Or.
245 1 0 _aRational pesticide use :
_bproceedings of the Ninth Long Ashton Symposium /
260 _aCambridge [Cambridgeshire] ;
_aNew York :
_bCambridge University Press,
_c1987.
300 _aix, 348 p. :
_bill. ;
_c25 cm.
650 0 _aPesticides
700 1 _aBrent, K. J.
700 1 _aAtkin, R. K.
856 4 2 _uhttp://www.loc.gov/catdir/description/cam023/87014652.html
856 4 1 _uhttp://www.loc.gov/catdir/toc/cam029/87014652.html
942 _cEK
999 _c13844
_d13844